| 000 | 01632nam0a22003251 4500 | ||
|---|---|---|---|
| 001 | rc\4295442 | ||
| 005 | 20250612041432.0 | ||
| 021 |
_aRU _b[68-40880] |
||
| 035 | _a(NLR Aleph) 008498462 | ||
| 090 |
_a8093686 _c8093686 |
||
| 100 | _a20130416d1968 |||y0rusy50 ca | ||
| 101 | 0 | _arus | |
| 102 | _aRU | ||
| 105 | _ay ac ||||| | ||
| 200 | 1 |
_aБиблиографический указатель патентов Франции (типа "Интерпас") _eПо классу 80 изобретений СССР _fМ-во строит., дор. и коммун. машиностроения. Центр. науч.-исслед. ин-т информации и техн.-экон. исследований по строит., дор. и коммун. машиностроению |
|
| 210 |
_aМосква _cБ. и. _d1968 |
||
| 215 |
_a220 с. _d16х26 |
||
| 225 | 1 | _aСерия II | |
| 300 | _aНа обл. загл.: Библиографический указатель иностранных патентов. Франция | ||
| 300 | _aНа обороте тит. л. сост.: З.В. Шумова, Н.М. Колкотин, В.М. Полевой [и др.] | ||
| 512 | 0 | _aБиблиографический указатель иностранных патентов. Франция | |
| 608 |
_aПатенты _yФранция _jБиблиография _2psbo |
||
| 702 | 1 |
_aКолкотин _bН.М. _4220 |
|
| 702 | 1 |
_aШумова _bЗ.В. _4220 |
|
| 702 | 1 |
_aПолевой _bВ.М. _4220 |
|
| 801 | 0 |
_aRU _bNLR _gpsbo |
|
| 801 | 1 |
_aRU _bELAR _2rusmarc |
|
| 852 |
_aNLR _jПт 10-2/743-80В |
||
| 942 | _cBOOK | ||
| 980 | _aNB | ||